LDR 00717naa#a2200181#i#450# 001 EN\\bibl\123200 005 20260513073053.3 011 ## _a2409-1073 100 ## _a20231220b2023####ek#y0engy0150####ca 102 ## _aRU 200 1# _aCorporate culture in a modern medical institution _eJournal article 210 1# _aMoscow _cNational Research University of Electronic Technology _d2023 215 ## _a0 с. 608 ## _aJournal article _2local 675 ## _aРуководство. Авторитет. Техника (приемы) и методы руководства. 65.012.4 _aОрганизация здравоохранения. 614.2 _z 700 #1 _aPetrova _gEkaterina A. 700 #1 _aSytnik _gAlexandra A. 856 4# _aesgi-journal.ru _u